Enter German car brands - Statistics

General Stats
  • This quiz has been taken 60 times
  • The average score is 6 of 6
Answer Stats
Picture Answer % Correct
AUDI
100%
BMW
97%
MERCEDES
97%
VOLKSWAGEN
97%
PORSCHE
86%
OPEL
76%
No matching quizzes found
Score Distribution
Percent of People with Each Score
Percentile by Number Answered
Your Score History
You have not taken this quiz